| 000 | 00000nam##2200000za#4500 |
| 001 | 9.608522 |
| 003 | CaOODSP |
| 005 | 20200327111901 |
| 007 | ta |
| 008 | 150406|1992||||xxc||||| f|0| 0 eng|d |
| 020 | |a0-660-13065-3 |
| 022 | |a0704-576X |
| 040 | |aCaOODSP|beng |
| 043 | |an-cn--- |
| 086 | 1 |aNM95-20/70E |
| 110 | 1 |aCanada.|bNational Museums of Canada. |bCanadian Museum of Nature. |
| 245 | 10|aAtlas of Ontario mosses / |cby Robert R. Ireland and Linda M. Ley. |
| 260 | |aOttawa - Ontario : |bNational Museums of Canada. |c1992. |
| 300 | |a138p. : |bmaps, references ; |c28 cm. |
| 490 | 1 |aSyllogeus|x0704-576X|v70 |
| 500 | |a"This atlas shows the distributions of 490 species and varieties of mosses presently known for the province of Ontario. The distributions are based on herbarium specimens examined and verified. Information is given on the physiography, geology, climate and vegetation of the province."--Abstract, p. iii. |
| 520 | 3 |aThis atlas shows the distributions of 490 species and varieties of mosses presently known for the province of Ontario. The distributions are based on herbarium specimens examined and verified. Information is given on the physiography, geology, climate and vegetation of the province.--Abstract, p. iii |
| 563 | |aSoftcover |
| 720 | 1 |aIreland, Robert R. |
| 720 | 1 |aLey, Linda M. |
| 830 | #0|aSyllogeus,|x0704-576X|v70|w(CaOODSP)9.514830 |